Responses for Show #2470 - Friday, May 5, 1995

1995 College Championship quarterfinal game 5.

Contestants

[<< previous game]

Tamir Waser, a senior from the University of Virginia

Ben Lyon, a freshman from the University of Oklahoma

Jodi Boyle, a junior from Douglass College Rutgers University

[next game >>]

Jeopardy! Round responses

EUROPEAN HISTORY
CELEBRITIES
U.S. NUMBERS
BUSINESS & INDUSTRY
POTPOURRI
UNDER THE SEA
    $100 1
the League of Nations

Ben
    $100 11
Brad Pitt

Ben
    $100 6
1600

Ben
    $100 29
Kellogg's

Tamir
    $100 16
blarney

Jodi
    $100 21
a killer whale

Tamir
    $200 2
Yugoslavia

Tamir
    $200 12
Ricki Lake

Ben
    $200 7
13

Tamir
    $200 30
dog food

Jodi
    $200 17
chlorine

Jodi
    $200 22
a bass

Jodi
    $300 3
the Middle Ages

Ben
    $300 13
Mike Myers

Ben
    $300 8
212

Tamir
    $300 26
Winn-Dixie

Jodi
    $300 18
Bolivar

Jodi
    $300 23
mosquitoes (insects)

Tamir
    $400 4
(Francisco) Franco

Jodi
    $400 14
Sigourney Weaver

Tamir
    $400 9
(Ben: Uh, what are 10?)

7

BenTamir
    $500 27
(Jodi: What is Microsoft?)

Intel

Jodi
    $400 19
French

Ben
    $400 24
sharks

Ben
    $500 5
the Wars of the Roses

Ben
    $500 15
Barbra Streisand

Triple Stumper
    $500 10
5

Tamir
    $500 28
(Alex: Yes, now's the time.)
[Laughter]

Microsoft

Ben
    $500 20
(1 of) Elizabeth Dole (Lynn Martin)

Ben
    $500 25
a salmon

Triple Stumper

Scores at the first commercial break (after clue 15):

Jodi Ben Tamir
$400 $1,200 $2,000

Scores at the end of the Jeopardy! Round:

Jodi Ben Tamir
$1,200 $3,000 $2,500

Double Jeopardy! Round responses

EXPLORERS
NUTRITION & HEALTH
COMPOSERS
U.S. STATES
LITERATURE
UNDER THE "C"
    $200 11
Sebastian Cabot

Jodi
    $200 16
cholesterol

Ben
    $200 26
The Nutcracker

Jodi
    $200 1
Nevada

Ben
    $200 6
Huck Finn

Ben
    $200 21
Cambridge

Ben
    $400 12
Sir Edmund Hillary

Ben
    $400 17
iron

Ben
    $400 27
Mozart

Ben
    $400 2
South Carolina

Jodi
    $400 7
The Three Musketeers

Jodi
    $400 22
a colossus

Jodi
    $600 13
the Jesuits

Ben
    $600 18
vitamin K

Ben
    $600 28
Beethoven

Ben
    $600 3
Georgia & Florida

Ben
    $600 8
Candide

Jodi
    $600 23
(Ben: What are rooks?)

castles

BenTamir
    $800 14
Byrd

Ben
    $800 19
fiber

Ben
    $800 29
(Jean) Sibelius

Ben
    $2,000 4
Maine

Ben
    $800 9
Faulkner

Jodi
    $800 24
(Ben: What is a, uh, confectionary?)

confection

BenTamir
    $1000 15
Amundsen

Ben
    $2,500 20
beta carotene

Ben
    $1000 30
the Night on Bald Mountain

Tamir
    $1000 5
Oregon

Jodi
    $1000 10
Fyodor Dostoevsky

Triple Stumper
    $1000 25
a carapace

Triple Stumper

Scores at the end of the Double Jeopardy! Round:

Jodi Ben Tamir
$5,200 $13,900 $4,900
(lock game)

Final Jeopardy! Round responses

SCULPTURE
(Alex: Who is Joe King?)
(Ben: Good friend of mine.)
[Laughter]
(Alex: He got the mention and it cost you... $69. Is that what Joe King is worth to you?)
[Laughter]
TamirWhat is the Minuteman?
$4,900
JodiWhat is the ?
$5,200
BenWhat is Joe King
$69
The Minute Man

Final scores:

Jodi Ben Tamir
$0 $13,831 $9,800
3rd place: $1,000 if eliminated Automatic semifinalist 2nd place: $1,000 if eliminated

Game dynamics:

Coryat scores:

Jodi Ben Tamir
$5,700 $11,200 $4,900
15 R,
1 W
(including 1 DD)
28 R
(including 2 DDs),
3 W
12 R,
0 W

Combined Coryat: $21,800

[game clues] [game scores] [suggest correction]

Game tape date: 1995-04-01
The J! Archive is created by fans, for fans. Scraping, republication, monetization, and malicious use prohibited; this site may use cookies and collect identifying information. See terms. The Jeopardy! game show and all elements thereof, including but not limited to copyright and trademark thereto, are the property of Jeopardy Productions, Inc. and are protected under law. This website is not affiliated with, sponsored by, or operated by Jeopardy Productions, Inc. Join the discussion at JBoard.tv.